000 01306cam a2200241 4500
001 ABS65216
008 020402n2002 000 0 eng u
035 _a(Sirsi) u117306
100 _aBrewer, G.
245 _aGeoff Brewer considers whether oral contracts can be referred to adjudication
260 _c2002
490 _aContract Journal
_v412(6369) 20 March 2002, 28(1)
520 _aWith reference to the case of "RJT Consulting Engineers Ltd DM Engineering (NI) Ltd" (2002) examines whether oral contracts are subject to the provisions of the Housing Grants, Construction and Regeneration Act 1996. The implication of the case being that all the terms and not just the existence of a contract should be evident in writing if the contract is to be capable of being referred to adjudication.
590 _aABS
650 _aORAL AGREEMENTS
650 _aMANAGEMENT-DISPUTE AVOIDANCE, MANAGEMENT AND RESOLUTION-DISPUTE MANAGEMENT AND RESOLUTION-ALTERNATIVE DISPUTE RESOLUTION-ADJUDICATION
650 _aBUILT ENVIRONMENT-BUILDING CONTRACT FORMS
650 _aHOUSING GRANTS CONSTRUCTION AND REGENERATION ACT 1996
650 _aR J T CONSULTING ENGINEERS LTD V D M ENGINEERING (NI) LTD
650 _aWRITTEN EVIDENCE
690 _aBUILT ENVIRONMENT-BUILDING CONTRACT FORMS
942 _n0
999 _c69887
_d69887